| 000 | 00382nam a22001577a 4500 | ||
|---|---|---|---|
| 003 | OSt | ||
| 005 | 20250211142951.0 | ||
| 008 | 250211b |||||||| |||| 00| 0 eng d | ||
| 020 | _a9781543346282 | ||
| 040 | _cIIMT UNIVERSITY MEERUT | ||
| 100 | _aKrishnarth neha | ||
| 245 | _aPHARMACEUTICAL CHEMISTRY | ||
| 260 |
_aNEW DELHI _bPEE VEE |
||
| 300 | _a272. | ||
| 942 |
_2ddc _c09 _e2022 |
||
| 999 |
_c65154 _d65154 |
||